[Event "Regionalliga SW 1516"]
[Site "Bayern"]
[Date "2016.01.17"]
[Round "5.6"]
[White "Schmidt, Hans"]
[Black "Rajic, Ivica"]
[Result "1/2-1/2"]
[WhiteElo "2042"]
[BlackElo "2051"]
[PlyCount "44"]
[EventDate "2015.10.11"]
[EventType "team-tourn"]
[EventRounds "9"]
[EventCountry "GER"]
[SourceTitle "EXT 2018"]
[Source "ChessBase"]
[SourceDate "2017.10.13"]
[SourceVersion "1"]
[SourceVersionDate "2017.10.13"]
[SourceQuality "1"]
[WhiteTeam "Garching III"]
[BlackTeam "Bayern Muenchen III"]
[WhiteTeamCountry "GER"]
[BlackTeamCountry "GER"]

1. d4 Nf6 2. c4 d6 3. Nc3 Nbd7 4. e4 e5 5. d5 c6 6. Be3 Qc7 7. Bd3 Be7 8. Nge2 h6 9. 0-0 a6 10. Ng3 g6 11. f3 c5 12. a3 h5 13. Qd2 h4 14. Nge2 Nh5 15. b4 f6 16. Rfc1 g5 17. Na4 b6 18. Rab1 Bd8 19. g4 Nf4 20. Nec3 Nxd3 21. Qxd3 0-0 22. b5 a5 1/2-1/2

[Event "Regionalliga SW 1516"]
[Site "Bayern"]
[Date "2015.11.15"]
[Round "3.6"]
[White "Demir, Bilal"]
[Black "Rajic, Ivica"]
[Result "1/2-1/2"]
[WhiteElo "2080"]
[BlackElo "2051"]
[PlyCount "115"]
[EventDate "2015.10.11"]
[EventType "team-tourn"]
[EventRounds "9"]
[EventCountry "GER"]
[SourceTitle "EXT 2018"]
[Source "ChessBase"]
[SourceDate "2017.10.13"]
[SourceVersion "1"]
[SourceVersionDate "2017.10.13"]
[SourceQuality "1"]
[WhiteTeam "Unterhaching"]
[BlackTeam "Bayern Muenchen III"]
[WhiteTeamCountry "GER"]
[BlackTeamCountry "GER"]

1. e4 c5 2. c3 d6 3. d4 Nd7 4. Nf3 a6 5. Bc4 e6 6. a4 Qc7 7. Nbd2 h6 8. Qe2 g6 9. Nf1 Bg7 10. Be3 b6 11. Ng3 Ne7 12. Rc1 Bb7 13. 0-0 0-0 14. Bd3 e5 15. dxe5 dxe5 16. Rfd1 Rfd8 17. Bc4 a5 18. h3 Nf6 19. Qc2 Bc6 20. Nd2 Qb7 21. f3 Qc7 22. Ndf1 Rxd1 23. Rxd1 Rd8 24. Bf2 Bf8 25. Ne3 Kg7 26. Kf1 Rd6 27. Rxd6 Qxd6 28. Ke2 Qd7 29. b3 Qb7 30. Qd3 Qc7 31. Bb5 Bb7 32. Bc4 Bc6 33. Ng4 Nfg8 34. h4 h5 35. Ne3 Nf6 36. Ngf1 Nc8 37. Bg3 Bd6 38. Qd2 Qe7 39. Nd5 Nxd5 40. Bxd5 Bd7 41. Ne3 Be8 42. Bc4 Bc6 43. Nd5 Bxd5 44. Qxd5 Qc7 45. Be1 Na7 46. Bd2 Nc6 47. Qd3 Ne7 48. Qe3 Ng8 49. g4 hxg4 50. fxg4 Qd7 51. Qf3 Qe7 52. h5 Bc7 53. Kd1 Bd8 54. Kc2 g5 55. Be2 Nh6 56. Qd3 Bc7 57. Be1 Bd8 58. Bd2 1/2-1/2

[Event "Regionalliga SW 1516"]
[Site "Bayern"]
[Date "2015.10.25"]
[Round "2.4"]
[White "Rajic, Ivica"]
[Black "Lux, Werner"]
[Result "1/2-1/2"]
[WhiteElo "2051"]
[BlackElo "1996"]
[PlyCount "83"]
[EventDate "2015.10.11"]
[EventType "team-tourn"]
[EventRounds "9"]
[EventCountry "GER"]
[SourceTitle "EXT 2018"]
[Source "ChessBase"]
[SourceDate "2017.10.13"]
[SourceVersion "1"]
[SourceVersionDate "2017.10.13"]
[SourceQuality "1"]
[WhiteTeam "Bayern Muenchen III"]
[BlackTeam "Tuerkheim/Bad Woerishofen"]
[WhiteTeamCountry "GER"]
[BlackTeamCountry "GER"]

1. d4 Nf6 2. Nf3 g6 3. c4 Bg7 4. Nc3 0-0 5. e4 d6 6. h3 e5 7. d5 Ne8 8. g4 f5 9. gxf5 gxf5 10. Bg5 Qd7 11. Rg1 Qf7 12. Nd2 Kh8 13. Qe2 f4 14. 0-0-0 Na6 15. a3 Bd7 16. Qf3 h6 17. Bh4 Bf6 18. Bxf6+ Nxf6 19. Be2 Rg8 20. b4 Rxg1 21. Rxg1 Rg8 22. Rxg8+ Qxg8 23. Kc2 Nb8 24. c5 Be8 25. Qh1 a6 26. cxd6 cxd6 27. Nc4 Qf8 28. Bg4 Nbd7 29. f3 Qe7 30. Qg1 b5 31. Na5 Qd8 32. Nc6 Qc7 33. Bf5 Nb6 34. Ne7 Na4 35. Nc6 Nxc3 36. Kxc3 Bxc6 37. dxc6 Qxc6+ 38. Kd2 Qc4 39. Qa7 Qa2+ 40. Kd1 Qb1+ 41. Kd2 Qb2+ 42. Kd1 1/2-1/2

[Event "Regionalliga SW 1516"]
[Site "Bayern"]
[Date "2015.10.11"]
[Round "1.6"]
[White "Goettl, Michael"]
[Black "Rajic, Ivica"]
[Result "0-1"]
[WhiteElo "1709"]
[BlackElo "2051"]
[PlyCount "90"]
[EventDate "2015.10.11"]
[EventType "team-tourn"]
[EventRounds "9"]
[EventCountry "GER"]
[SourceTitle "EXT 2018"]
[Source "ChessBase"]
[SourceDate "2017.10.13"]
[SourceVersion "1"]
[SourceVersionDate "2017.10.13"]
[SourceQuality "1"]
[WhiteTeam "Memmingen"]
[BlackTeam "Bayern Muenchen III"]
[WhiteTeamCountry "GER"]
[BlackTeamCountry "GER"]

1. e4 c5 2. Bc4 e6 3. Nc3 a6 4. a3 Nc6 5. Nf3 d6 6. d4 cxd4 7. Nxd4 Qc7 8. 0-0 Nf6 9. Bb3 Na5 10. Ba4+ Nd7 11. Qg4 b5 12. Nxe6 fxe6 13. Qxe6+ Be7 14. Nd5 Qd8 15. Bg5 Nf6 16. Qxe7+ Qxe7 17. Nxe7 bxa4 18. Bxf6 gxf6 19. Nd5 Kf7 20. Nb6 Rb8 21. Nxa4 Bd7 22. b3 Bxa4 23. bxa4 Rhc8 24. Rfd1 Ke7 25. Rd5 Rc5 26. Rxc5 dxc5 27. f3 Rb2 28. Rd1 Rxc2 29. Rd5 Nb3 30. e5 fxe5 31. Rxe5+ Kd6 32. Rh5 a5 33. f4 c4 34. f5 c3 35. f6 Ke6 36. f7 Kxf7 37. Rxh7+ Ke6 38. Rc7 Kd5 39. h4 Nc5 40. h5 Re2 41. h6 c2 42. h7 c1Q+ 43. Kh2 Qf4+ 44. Kh3 Re3+ 45. g3 Qxg3# 0-1

[Event "Regionalliga SW 1415"]
[Site "Bayern"]
[Date "2014.11.09"]
[Round "2.6"]
[White "Rajic, Ivica"]
[Black "Bonacci, Mauro"]
[Result "1/2-1/2"]
[WhiteElo "2051"]
[BlackElo "2067"]
[PlyCount "46"]
[EventDate "2014.10.19"]
[EventType "team-tourn"]
[EventRounds "9"]
[EventCountry "GER"]
[SourceTitle "EXT 2018"]
[Source "ChessBase"]
[SourceDate "2017.10.13"]
[SourceVersion "1"]
[SourceVersionDate "2017.10.13"]
[SourceQuality "1"]
[WhiteTeam "Bayern Muenchen III"]
[BlackTeam "MSA Zugzwang II"]
[WhiteTeamCountry "GER"]
[BlackTeamCountry "GER"]

1. d4 Nf6 2. Nf3 g6 3. g3 Bg7 4. Bg2 d6 5. 0-0 0-0 6. c4 Nfd7 7. Nc3 e5 8. d5 a5 9. e4 Nc5 10. Be3 Nc6 11. Qd2 f5 12. exf5 gxf5 13. Bh6 Bxh6 14. Qxh6 Qf6 15. Qd2 Bd7 16. h3 Rae8 17. Rae1 e4 18. Nh2 Nd3 19. Re2 Ncb4 20. b3 Kh8 21. f4 Qd4+ 22. Re3 Rg8 23. Ne2 Qg7 1/2-1/2

[Event "Regionalliga SW 1213"]
[Site "Bayern"]
[Date "2012.11.25"]
[Round "3.2"]
[White "Rajic, Ivica"]
[Black "Huber, Stefan2222"]
[Result "1/2-1/2"]
[WhiteElo "2043"]
[BlackElo "1936"]
[PlyCount "72"]
[EventDate "2012.10.14"]
[EventType "team-tourn"]
[EventRounds "9"]
[EventCountry "GER"]
[SourceTitle "EXT 2015"]
[Source "ChessBase"]
[SourceDate "2014.11.20"]
[SourceVersion "1"]
[SourceVersionDate "2014.11.20"]
[SourceQuality "1"]
[WhiteTeam "Bayern Muenchen III"]
[BlackTeam "Kaufbeuren"]
[WhiteTeamCountry "GER"]
[BlackTeamCountry "GER"]

1. d4 Nf6 2. Nf3 e6 3. c4 d5 4. Nc3 Nbd7 5. Bg5 Be7 6. e3 0-0 7. Qc2 Re8 8. h3 a6 9. Rd1 dxc4 10. Bxc4 b5 11. Bd3 Bb7 12. e4 h6 13. Be3 Rc8 14. a3 c5 15. dxc5 Bxc5 16. Bxc5 Rxc5 17. Qe2 e5 18. 0-0 Qc7 19. Nh4 g6 20. Bb1 Kg7 21. Qe3 Nb6 22. Ba2 Nc4 23. Bxc4 Rxc4 24. f3 Rd8 25. g4 Rcd4 26. Ng2 Qe7 27. Qe2 h5 28. Qf2 hxg4 29. hxg4 Rxd1 30. Rxd1 Rxd1+ 31. Nxd1 Qd6 32. Nc3 Nd7 33. Ne3 Qd4 34. Nc2 Qxf2+ 35. Kxf2 Nc5 36. Ke3 f6 1/2-1/2

[Event "Regionalliga SW 1112"]
[Site "Bayern"]
[Date "2011.12.11"]
[Round "4.4"]
[White "Bohnhoff, Peter"]
[Black "Rajic, Ivica"]
[Result "1/2-1/2"]
[WhiteElo "1927"]
[BlackElo "2085"]
[PlyCount "72"]
[EventDate "2011.10.02"]
[EventType "team-tourn"]
[EventRounds "9"]
[EventCountry "GER"]
[SourceTitle "EXT 2013"]
[Source "ChessBase"]
[SourceDate "2012.11.22"]
[SourceVersion "1"]
[SourceVersionDate "2012.11.22"]
[SourceQuality "1"]
[WhiteTeam "Muenchen RTA"]
[BlackTeam "Bayern Muenchen III"]
[WhiteTeamCountry "GER"]
[BlackTeamCountry "GER"]

1. d4 Nf6 2. Nf3 d6 3. c4 Nbd7 4. Nc3 c6 5. Bg5 Qc7 6. e3 e5 7. Be2 Be7 8. 0-0 h6 9. Bh4 g5 10. Bg3 Nh5 11. Nd2 Nxg3 12. fxg3 exd4 13. exd4 Qb6 14. Nde4 0-0 15. g4 Qxb2 16. Rb1 Qa3 17. Rb3 Qa5 18. Ng3 Nf6 19. Nf5 Bxf5 20. Rxf5 Qc7 21. Bd3 Kg7 22. Qf3 Rae8 23. Rb1 Bd8 24. Rf1 Qe7 25. Kh1 a6 26. Ne2 d5 27. Ng3 Ne4 28. Nh5+ Kg8 29. Qh3 f6 30. cxd5 Nd6 31. R5f2 cxd5 32. Ng3 Kg7 33. Nh5+ Kg8 34. Ng3 Kg7 35. Nh5+ Kg8 36. Ng3 Kg7 1/2-1/2

[Event "Regionalliga SW 0910"]
[Site "Bayern"]
[Date "2010.03.21"]
[Round "8.4"]
[White "Urankar, Hans Peter"]
[Black "Rajic, Ivica"]
[Result "1-0"]
[WhiteElo "2157"]
[BlackElo "2104"]
[PlyCount "63"]
[EventDate "2009.10.18"]
[EventType "team-tourn"]
[EventRounds "9"]
[EventCountry "GER"]
[SourceTitle "EXT 2011"]
[Source "ChessBase"]
[SourceDate "2010.11.26"]
[SourceVersion "1"]
[SourceVersionDate "2010.11.26"]
[SourceQuality "1"]
[WhiteTeam "Unterhaching"]
[BlackTeam "Bayern Muenchen III"]
[WhiteTeamCountry "GER"]
[BlackTeamCountry "GER"]

1. d4 Nf6 2. Bf4 d5 3. e3 c5 4. c3 Nc6 5. Nd2 e6 6. Ngf3 h6 7. Ne5 cxd4 8. exd4 Nxe5 9. Bxe5 a6 10. Bd3 b6 11. 0-0 Bb7 12. Qe2 Be7 13. f4 Bc8 14. Rf3 Ra7 15. Rh3 Kf8 16. Rf1 Ne8 17. f5 exf5 18. Bxf5 Bxf5 19. Rxf5 Bf6 20. Rhf3 b5 21. Nb3 h5 22. Nc5 h4 23. h3 Rh6 24. a3 Kg8 25. Rf2 Be7 26. Nd3 Bd6 27. Qf3 Bxe5 28. dxe5 f6 29. Nb4 fxe5 30. Rf8+ Kh7 31. Qf5+ Rg6 32. Qh5+ 1-0

[Event "Regionalliga SW 0910"]
[Site "Bayern"]
[Date "2009.10.18"]
[Round "1.4"]
[White "Rajic, Ivica"]
[Black "Linke, Stefan"]
[Result "1-0"]
[WhiteElo "2104"]
[BlackElo "2121"]
[PlyCount "75"]
[EventDate "2009.10.18"]
[EventType "team-tourn"]
[EventRounds "9"]
[EventCountry "GER"]
[SourceTitle "EXT 2011"]
[Source "ChessBase"]
[SourceDate "2010.11.26"]
[SourceVersion "1"]
[SourceVersionDate "2010.11.26"]
[SourceQuality "1"]
[WhiteTeam "Bayern Muenchen III"]
[BlackTeam "Muenchen Suedost"]
[WhiteTeamCountry "GER"]
[BlackTeamCountry "GER"]

1. d4 d5 2. c4 e6 3. Nf3 c6 4. Nc3 dxc4 5. a4 Bb4 6. e3 b5 7. Be2 Bb7 8. 0-0 a6 9. Qc2 Nf6 10. Rd1 Nbd7 11. e4 0-0 12. e5 Nd5 13. Ng5 g6 14. Nce4 Re8 15. h4 f5 16. exf6 N5xf6 17. Ng3 Qc7 18. h5 Nf8 19. hxg6 Nxg6 20. b3 c3 21. Bd3 Qg7 22. Re1 Nf8 23. N5e4 Nd5 24. Nh5 Qxd4 25. Bh6 Be7 26. Bg7 Qb4 27. Nxc3 Nxc3 28. Bxc3 Qh4 29. Bxh7+ Kf7 30. Re4 Qxh5 31. Rf4+ Bf6 32. Rxf6+ Ke7 33. Bg8 Bc8 34. Rf7+ Qxf7 35. Bb4+ Kf6 36. Qc3+ e5 37. Qf3+ Bf5 38. Bxf7 1-0

[Event "Landesliga Sued 0809"]
[Site "Bayern"]
[Date "2008.11.30"]
[Round "3.3"]
[White "Grimberg, Boris"]
[Black "Rajic, Ivica"]
[Result "1-0"]
[WhiteElo "2310"]
[BlackElo "2090"]
[PlyCount "67"]
[EventDate "2008.10.05"]
[EventType "team-tourn"]
[EventRounds "9"]
[EventCountry "GER"]
[SourceTitle "EXT 2020"]
[Source "ChessBase"]
[SourceDate "2019.10.17"]
[SourceVersion "1"]
[SourceVersionDate "2019.10.17"]
[SourceQuality "1"]
[WhiteTeam "Haunstetten"]
[BlackTeam "Bayern Muenchen III"]
[WhiteTeamCountry "GER"]
[BlackTeamCountry "GER"]

1. e4 c5 2. Nf3 e6 3. d4 cxd4 4. Nxd4 a6 5. Nc3 Qc7 6. Bd3 Nf6 7. 0-0 b5 8. Be3 Bb7 9. a3 d6 10. f4 Be7 11. Qf3 g6 12. Qh3 Nbd7 13. Nb3 h5 14. Kh1 Ng4 15. Bd4 Bf6 16. f5 gxf5 17. exf5 e5 18. Bg1 d5 19. Qg3 0-0-0 20. h3 Rdg8 21. Rad1 d4 22. Ne4 Ne3 23. Qf3 Nxg2 24. Bf2 h4 25. c4 b4 26. axb4 Ne3 27. Na5 Nxd1 28. Nd6+ Kb8 29. Ndxb7 Nxf2+ 30. Rxf2 e4 31. Qxe4 Qg3 32. Qf4+ Qxf4 33. Rxf4 Ne5 34. Be4 1-0

[Event "Landesliga Sued 0809"]
[Site "Bayern"]
[Date "2008.10.05"]
[Round "1.2"]
[White "Schmitz, Thorsten"]
[Black "Rajic, Ivica"]
[Result "1-0"]
[WhiteElo "2243"]
[BlackElo "2090"]
[PlyCount "73"]
[EventDate "2008.10.05"]
[EventType "team-tourn"]
[EventRounds "9"]
[EventCountry "GER"]
[SourceTitle "EXT 2020"]
[Source "ChessBase"]
[SourceDate "2019.10.17"]
[SourceVersion "1"]
[SourceVersionDate "2019.10.17"]
[SourceQuality "1"]
[WhiteTeam "Garching"]
[BlackTeam "Bayern Muenchen III"]
[WhiteTeamCountry "GER"]
[BlackTeamCountry "GER"]

1. d4 Nf6 2. Bg5 Ne4 3. Bf4 d5 4. e3 c6 5. Bd3 Nd6 6. Nd2 g6 7. h4 h6 8. h5 g5 9. Be5 Rg8 10. Bh7 Rg7 11. Bxg7 Bxg7 12. Qe2 Qa5 13. Bd3 c5 14. c3 cxd4 15. exd4 Nc6 16. Ngf3 Bg4 17. Qe3 Nf5 18. Bxf5 Bxf5 19. Nxg5 Qb5 20. Nb3 Bc2 21. Nf3 a5 22. Qd2 Bxb3 23. axb3 Qxb3 24. 0-0 e6 25. Rfe1 Qb6 26. Qd3 Qd8 27. b3 Kf8 28. Qb5 Rb8 29. Re3 Qc7 30. Rae1 b6 31. Qd3 Kg8 32. Ne5 b5 33. Rg3 Kh8 34. Nxc6 Qxc6 35. Qf3 Qd6 36. Qxf7 Rg8 37. Rxe6 1-0

[Event "Landesliga Sued 0708"]
[Site "Bayern"]
[Date "2008.04.06"]
[Round "8.2"]
[White "Grimberg, Boris"]
[Black "Rajic, Ivica"]
[Result "1-0"]
[WhiteElo "2280"]
[BlackElo "2078"]
[PlyCount "117"]
[EventDate "2007.10.21"]
[EventType "team-tourn"]
[EventRounds "9"]
[EventCountry "GER"]
[SourceTitle "EXT 2009"]
[Source "ChessBase"]
[SourceDate "2008.11.26"]
[SourceVersion "1"]
[SourceVersionDate "2008.11.26"]
[SourceQuality "1"]
[WhiteTeam "Haunstetten"]
[BlackTeam "Bayern Muenchen III"]
[WhiteTeamCountry "GER"]
[BlackTeamCountry "GER"]

1. e4 c5 2. Nf3 d6 3. d4 cxd4 4. Nxd4 Nf6 5. Nc3 a6 6. Bc4 g6 7. Bg5 Bg7 8. Qe2 0-0 9. 0-0-0 Nbd7 10. f4 h6 11. Bh4 Qc7 12. Rhe1 e5 13. fxe5 dxe5 14. Nf3 b5 15. Bb3 Bb7 16. Nd5 Bxd5 17. Bxd5 Rac8 18. Kb1 Nb6 19. Bb3 Nc4 20. Bxc4 bxc4 21. c3 a5 22. Bxf6 Bxf6 23. Qd2 Kg7 24. Qd6 Qb7 25. Qd5 Qc7 26. Qd7 Qb8 27. Qa4 Rc5 28. Rd5 Rxd5 29. exd5 e4 30. Rxe4 Bxc3 31. Qc2 Bf6 32. Rxc4 Rd8 33. Rc5 a4 34. a3 Qa7 35. Rb5 Rd6 36. Ka2 Qa6 37. Qc5 Be7 38. Qc3+ Bf6 39. Qb4 Be7 40. Qa5 Qc8 41. Qxa4 Ra6 42. Rb8 Qxb8 43. Qxa6 Bf6 44. Qe2 Qd6 45. Qb5 g5 46. g3 g4 47. Nd2 Qe5 48. a4 Qd4 49. Nc4 Qf2 50. a5 Qxh2 51. a6 Qf2 52. Nb6 Bd4 53. a7 Bxb6 54. a8Q Bd4 55. Qc8 h5 56. d6 Bf6 57. d7 Qd4 58. Qcc4 Qd2 59. Qd3 1-0

[Event "Landesliga Sued 0708"]
[Site "Bayern"]
[Date "2008.03.09"]
[Round "7.2"]
[White "Rajic, Ivica"]
[Black "Webersberger, Johann"]
[Result "1/2-1/2"]
[WhiteElo "2078"]
[BlackElo "2187"]
[PlyCount "69"]
[EventDate "2007.10.21"]
[EventType "team-tourn"]
[EventRounds "9"]
[EventCountry "GER"]
[SourceTitle "EXT 2009"]
[Source "ChessBase"]
[SourceDate "2008.11.26"]
[SourceVersion "1"]
[SourceVersionDate "2008.11.26"]
[SourceQuality "1"]
[WhiteTeam "Bayern Muenchen III"]
[BlackTeam "Rottal"]
[WhiteTeamCountry "GER"]
[BlackTeamCountry "GER"]

1. d4 g6 2. Nf3 Bg7 3. c4 d6 4. Nc3 Bg4 5. e3 Nd7 6. Be2 c5 7. h3 Bxf3 8. Bxf3 Rb8 9. 0-0 Ngf6 10. d5 0-0 11. e4 Ne8 12. a4 Nc7 13. Bg5 h6 14. Be3 Re8 15. Qd2 h5 16. Be2 a6 17. f4 e6 18. Kh1 exd5 19. exd5 f5 20. Bf2 Nf6 21. Rae1 Qd7 22. Bd3 Qf7 23. Qc2 a5 24. Bh4 Na6 25. Qd2 Nb4 26. Bb1 Rxe1 27. Rxe1 Re8 28. Nb5 Rxe1+ 29. Qxe1 Ne8 30. b3 Kf8 31. Bg5 Bf6 32. Bh6+ Bg7 33. Bg5 Bf6 34. Bh6+ Bg7 35. Bg5 1/2-1/2

[Event "Regionalliga SW 0405"]
[Site "Bayern"]
[Date "2005.04.10"]
[Round "9.5"]
[White "Bohnhoff, Peter"]
[Black "Rajic, Ivica"]
[Result "0-1"]
[WhiteElo "2011"]
[BlackElo "2025"]
[PlyCount "74"]
[EventDate "2004.10.24"]
[EventType "team-tourn"]
[EventRounds "9"]
[EventCountry "GER"]
[SourceTitle "EXT 2007"]
[Source "ChessBase"]
[SourceDate "2006.11.23"]
[SourceVersion "1"]
[SourceVersionDate "2006.11.23"]
[SourceQuality "1"]
[WhiteTeam "Muenchen RTA"]
[BlackTeam "Bayern Muenchen III"]
[WhiteTeamCountry "GER"]
[BlackTeamCountry "GER"]

1. d4 Nf6 2. Nf3 d6 3. Bg5 Nbd7 4. Nc3 c6 5. e4 e5 6. Qd2 Qc7 7. a4 Be7 8. Bc4 a5 9. 0-0 0-0 10. Rfe1 Nb6 11. Bb3 Bg4 12. Qd3 Rad8 13. Nd2 h6 14. Bh4 g5 15. Bg3 Nh5 16. f3 Bc8 17. Bf2 Nf4 18. Qe3 Nd7 19. Nc4 exd4 20. Qxd4 Nc5 21. Ba2 Be6 22. Ne3 Bxa2 23. Rxa2 Nce6 24. Qd2 d5 25. exd5 Bb4 26. Nf5 Nxd5 27. Qc1 Bxc3 28. bxc3 Nxc3 29. Ra3 Rd1 30. Qe3 Nd5 31. Nxh6+ Kh8 32. Qe4 Rxe1+ 33. Bxe1 Ng7 34. c4 Re8 35. Qb1 Qe7 36. Bxa5 Qxa3 37. cxd5 Qc5+ 0-1

[Event "Regionalliga SO 0203"]
[Site "Bayern"]
[Date "2003.03.09"]
[Round "8.6"]
[White "Rajic, Ivica"]
[Black "Herrmann, Michael2222"]
[Result "1/2-1/2"]
[WhiteElo "2002"]
[BlackElo "2018"]
[PlyCount "125"]
[EventDate "2002.10.20"]
[EventType "team"]
[EventRounds "9"]
[EventCountry "GER"]
[SourceTitle "EXT 2004"]
[Source "ChessBase"]
[SourceDate "2003.11.25"]
[SourceVersion "1"]
[SourceVersionDate "2003.11.25"]
[SourceQuality "1"]
[WhiteTeam "Starnberg"]
[BlackTeam "Vogtareuth"]
[WhiteTeamCountry "GER"]
[BlackTeamCountry "GER"]

1. d4 d5 2. c4 e6 3. e3 b6 4. a3 a5 5. b3 Bb7 6. Bb2 Nf6 7. Nd2 Nbd7 8. f4 Be7 9. Ngf3 Ng4 10. Qe2 f5 11. g3 0-0 12. h3 Nh6 13. Rg1 Nf6 14. Ng5 Qc8 15. g4 Ne4 16. Ndf3 Nxg5 17. fxg5 fxg4 18. gxh6 Rxf3 19. Rxg4 Rf7 20. Qg2 Qf8 21. hxg7 Rxg7 22. 0-0-0 Kh8 23. Rxg7 Qxg7 24. Qxg7+ Kxg7 25. Bg2 Bg5 26. Kd2 Rf8 27. Ke2 Ba6 28. Rc1 c6 29. a4 Kf7 30. Bf3 Ke8 31. Ba3 Be7 32. Bb2 Rg8 33. Bg4 Kd7 34. Kf3 Rf8+ 35. Kg3 Rg8 36. Kf3 Rf8+ 37. Ke2 Bh4 38. Ba3 Rf2+ 39. Kd3 Be7 40. Bxe7 Kxe7 41. Kc3 c5 42. Rd1 Bb7 43. Rg1 Bc6 44. dxc5 bxc5 45. Bd1 Be8 46. Rg7+ Rf7 47. Rg8 Rf8 48. Rg3 Bg6 49. Bf3 Kd6 50. h4 Rf5 51. cxd5 exd5 52. e4 Rf4 53. exd5 Rxh4 54. Bg2 Be4 55. Bxe4 Rxe4 56. Rg7 h5 57. Rg5 h4 58. Rh5 Rg4 59. Kd3 Rb4 60. Kc3 Rg4 61. Kd3 Rb4 62. Kc3 Rg4 63. Kd3 1/2-1/2